| 000 | 00739cam a22002651 4500 | ||
|---|---|---|---|
| 001 | sa 68008203 | ||
| 003 | DLC | ||
| 005 | 20260227112530.0 | ||
| 008 | 910827s1967 ii 000 0 tamo | ||
| 010 | _asa 68008203 | ||
| 035 | _a(OCoLC)24299878 | ||
| 040 |
_aDLC _cWaU _dDLC |
||
| 042 | _apremarc | ||
| 043 | _aa-ii--- | ||
| 050 | 0 | 0 |
_aML3748 _b.V34 |
| 100 | 1 |
_aVaḷḷiyappā, Al̲a., _d1922-1989. |
|
| 245 | 1 | 0 | _aPāmara makkḷin̲ paramparaip pāṭalkaḷ. |
| 250 | _a[1st ed.] | ||
| 260 |
_a[New Delhi] _c1967. |
||
| 300 |
_avii, 118 p. _c19 cm. |
||
| 490 | 0 | _aPutiyatākak kar̲r̲avarkkān̲a veḷiyīṭu | |
| 500 | _aIn Tamil. | ||
| 650 | 0 |
_aFolk songs _zIndia _xHistory and criticism. |
|
| 700 | 1 | _aSwaminathan, K. | |
| 999 |
_c82304 _d82304 |
||